Polovodičové paměti a jejich použití /

Gespeichert in:
Bibliographische Detailangaben
1. Verfasser: Bubínský, Jaroslav (Verfasst von)
Format: Buch
Sprache:Tschechisch
Veröffentlicht: Praha : SNTL, 1977
Ausgabe:1.vyd.
Schlagworte:
Tags: Tag hinzufügen
Keine Tags, Fügen Sie das erste Tag hinzu!

MARC

LEADER 00000nam a22000003a 4500
001 stu43341
005 20150617225717.0
008 940906s1977----cs------------------cze-d
040 |a STU  |b slo 
041 0 |a cze 
044 |a cs 
080 |a 681.327.2 
100 1 |a Bubínský, Jaroslav  |4 aut 
245 1 |a Polovodičové paměti a jejich použití /  |c [aut.]Jaroslav Bubínský 
250 |a 1.vyd. 
260 |a Praha :  |b SNTL,  |c 1977 
300 |a 511 s 
650 7 |a Pamäť polovodičová  |2 stusub 
650 7 |a polovodiče  |2 stusub 
650 7 |a pamäť  |2 stusub 
996 |b 284M021612  |c M*8734-1  |l MMKN  |s A  |a 24  |w stu43341_0001